| 000 | 004680000a22001690004500 | ||
|---|---|---|---|
| 020 | _a84-7530-314-5 | ||
| 041 | 0 | _aSPA | |
| 082 | 0 | 4 | _aG 848.914 M186v |
| 100 | 1 | _aMaeterlinck, Mauricio | |
| 245 | 1 | 0 | _aLa vida de las abejas / Maurice Maeterlinck ; Pedro de Tornamira, Traductor |
| 260 | _aMadrid : Orbis | ||
| 300 | _a192 Pag | ||
| 500 | _aTÃtulo original : La vie des abeilles | ||
| 650 | 1 | 4 | _aENSAYO FRANCES \ AVICULTURA \ ABEJAS |
| 001 | 13154 | ||
| 942 | _cBK | ||
| 999 |
_c42144 _d42144 |
||